Tokyo Olympiad = Tôkyô Orimpikku /
Película oficial de los XVIII Juegos Olímpicos de la era moderna, celebrados en Tokio en 1964, y el largometraje número 46 de los 76 que integran la filmografía del prolífico cineasta japonés Kon Ichikawa (1915-2008), quien ofrece una mirada sensual y divertida a un catálogo de momentos deportivos q...
Gespeichert in:
| Körperschaft: | |
|---|---|
| Weitere Verfasser: | , , , , , , , |
| Format: | Tagungsbericht |
| Sprache: | Japanisch |
| Veröffentlicht: |
Tokio?, Japón :
The Organizing Committee for the Games of the XVIII Olympiad,
1965, c1965
Nueva York, EUA : Criterion Collection [distribución], 2002, c2002 |
| Schriftenreihe: | (Criterion Collection ;
155) |
| Schlagworte: | |
| Tags: |
Keine Tags, Fügen Sie das erste Tag hinzu!
|
MARC
| LEADER | 00000ngm^a2200000^a^4500 | ||
|---|---|---|---|
| 001 | 000173858 | ||
| 005 | 20251020000000.0 | ||
| 009 | 20260310101508.85 | ||
| 020 | |a 0-78002-506-7 | ||
| 037 | |a Acervo ITESO - Biblioteca | ||
| 041 | |a JAP | ||
| 082 | |a 808. 8 |b CRI V. 155 | ||
| 111 | |a Juegos Olímpicos ( |n 18° : |d 1964 : |c Tokio, Japón) | ||
| 240 | 1 | 5 | |a [Las Olimpiadas de Tokio] |
| 245 | 1 | 0 | |a Tokyo Olympiad = |b Tôkyô Orimpikku / |c Juegos Olímpicos ; realización de K. Ichikawa. |
| 246 | 2 | |a Título en México: Las Olimpiadas de Tokio | |
| 264 | 4 | |a Tokio?, Japón : |b The Organizing Committee for the Games of the XVIII Olympiad, |c 1965, c1965 | |
| 264 | 4 | |a Nueva York, EUA : |b Criterion Collection [distribución], |c 2002, c2002 | |
| 300 | |a 1 DVD región 1 (170 min.) : |b color + |e 1 folleto ([44] p.) | ||
| 336 | |a imagen móvil bidimensional |b tdi |2 rdacontenido | ||
| 337 | |a video |b v |2 rdamedio | ||
| 338 | |a videodisco |b vd |2 rdasoporte | ||
| 440 | 1 | |a (Criterion Collection ; |v 155) | |
| 520 | |a Película oficial de los XVIII Juegos Olímpicos de la era moderna, celebrados en Tokio en 1964, y el largometraje número 46 de los 76 que integran la filmografía del prolífico cineasta japonés Kon Ichikawa (1915-2008), quien ofrece una mirada sensual y divertida a un catálogo de momentos deportivos que pasan de la épica a lo íntimo. Exhibido en México como Las Olimpiadas de Tokio, es muy seguramente el único trabajo de esta naturaleza que se ha librado de permanecer a la sombra de XI Olimpiada, la fiesta de las naciones (Olympia, 1936-1938), el tan polémico como elogiado documental que Leni Riefenstahl (1902-2003) dirigiera sobre los XI Juegos Olímpicos, efectuados en Berlín en 1936. Unico largometraje documental dirigido por el cineasta japonés, quien realizó después uno de los segmentos de Visions of Eight (1973), película episódica sobre los XX Juegos, efectuados en Munich, Alemania, en 1972. | ||
| 520 | |a Suplementos y características especiales (en inglés, sin subtítulos o traducción, a menos que sea anotada otra especificación): 1) Opción de reproducir la película acompañada de un comentario del crítico e historiador inglés de cine Peter Cowie. 2) Entrevista –sin título- realizada a Ichikawa en 1992 en el Estadio Nacional de Tokio, construido expresamente para los Juegos Olímpicos de 1964 (32 min.; en japonés con subtítulos en inglés). 3) Folleto con un texto del escritor norteamericano George Plimpton (1927-2003), especialista del periodismo deportivo; un debate, realizado vía correo electrónico, moderado por James Quandt, entre especialistas del cine y la cultura japonesas, tomado del libro colectivo Kon Ichikawa (2001), publicado por la Cinemateca de Ontario y editado por el propio Quandt, y una relación de los medallistas de los Juegos Olímpicos de 1964. | ||
| 546 | |a En japonés, con subtítulos opcionales: inglés | ||
| 586 | |a Premio BAFTA, de la Academia Británica de Cine y Televisión (19°: 1965): Mejor Documental – Premio Robert Flaherty (ganador) | ||
| 586 | |a Premio BAFTA, de la Academia Británica de Cine y Televisión (19°: 1965): Premio Naciones Unidas (ganador) | ||
| 649 | |a XX | ||
| 650 | |a Cineastas Japoneses - |x Entrevistas | ||
| 650 | |a Documentales | ||
| 650 | |a Cine Japonés - |y 1960-1969 | ||
| 650 | |a Cine Japonés - |y Siglo XX | ||
| 650 | |a Cine Japonés - |x Historia y Crítica | ||
| 650 | |a Juegos Olímpicos - |z Tokio, Japón - |x Historia - |y 1960-1964 - |x Tema Principal | ||
| 650 | |a Juegos Olímpicos - |z Tokio, Japón - |x Historia - |y Siglo XX | ||
| 650 | |a Juegos Olímpicos - |z Japón - |x Historia - |y 1960-1964 | ||
| 650 | |a Juegos Olímpicos - |z Japón - |x Historia - |y Siglo XX | ||
| 650 | |a Juegos Olímpicos - |x Historia - |y 1960-1969 | ||
| 650 | |a Juegos Olímpicos - |x Historia - |y Siglo XX | ||
| 650 | |a Deportes - |z Japón - |x Historia - |y 1960-1964 | ||
| 650 | |a Deportes - |z Japón - |x Historia - |y Período Showa, 1926-1989 | ||
| 650 | |a Deportes - |z Japón - |x Historia - |y Siglo XX | ||
| 650 | |a Deportes - |x Historia - |y 1960-1969 | ||
| 650 | |a Deportes - |x Historia - |y Siglo XX | ||
| 650 | |a Deportes - |x Competencias - |x Historia | ||
| 650 | |a Tokio, Japón en el Cine | ||
| 650 | |a Ichikawa, Kon | ||
| 740 | 0 | |a "Tokyo Olympiad" / |c Texto de G. Plimpton. | |
| 740 | 0 | |a Tokyo Olympiad : |b A Symposium / |c Conducción de J. Quandt. | |
| 700 | |a Ichikawa, Kon |e (realización) | ||
| 700 | |a Ichikawa, Kon |e (guión) | ||
| 700 | |a Hayashida, Shigeo |e (fotógrafo) | ||
| 700 | |a Nakashizu, Tatsuji |e (montaje) | ||
| 700 | |a Mayuzumi, Toshirô |e (música) | ||
| 700 | |a Cowie, Peter |e (comentarios) | ||
| 700 | |a Plimpton, George |e (texto del folleto) | ||
| 700 | |a Quandt, James |e (conducción) | ||
| 910 | |a Fondo General | ||
| 920 | |a Audiovisuales - DVDs | ||
| 940 | |a Películas | ||
| 905 | |a 308 | ||
| 901 | |a 0500088415 |b IT2 |c DVR |u 20250521 | ||
| 901 | |a 0500088414 |b IT2 |c MIN |u 20251020 | ||
| 902 | |a https://opac.biblio.iteso.mx/vufind/Record/000173858 | ||